Osobitosti účtovníctva rozpočtových organizácií s aplikáciou vo vybranej účtovnej jednotke diplomová práca

Guardado en:
Detalles Bibliográficos
Autor principal: Cisíková, Silvia
Autor Corporativo: Fakulta hospodárskej informatiky EU. Katedra účtovníctva a audítorstva
Otros Autores: Kordošová, Alena, 1970-
Formato: Libro
Lenguaje:eslovaco
Publicado: Bratislava 2009
Etiquetas: Agregar Etiqueta
Sin Etiquetas, Sea el primero en etiquetar este registro!

MARC

LEADER 00000nam$a2200000$$$4500
001 0100932
005 20240318134820.7
041 0 |a slo 
044 |a SK 
245 1 0 |a Osobitosti účtovníctva rozpočtových organizácií s aplikáciou vo vybranej účtovnej jednotke  |b diplomová práca  |c Silvia Cisíková ; škol. Alena Kordošová 
264 1 |a Bratislava  |c 2009 
300 |a 63 s. 
100 1 |a Cisíková, Silvia 
700 1 |a Kordošová, Alena, 1970- 
710 2 |a Fakulta hospodárskej informatiky EU. Katedra účtovníctva a audítorstva